Cartas inéditas de Carlos VII / (Record no. 35074)
[ view plain ]
| 000 -LEADER | |
|---|---|
| campo de control de longitud fija | 00856nam a2200217 i 4500 |
| 001 - NÚMERO DE CONTROL | |
| campo de control | 35074 |
| 003 - IDENTIFICADOR DE NÚMERO DE CONTROL | |
| campo de control | ES-MaACL |
| 005 - FECHA Y HORA DE LA ÚLTIMA TRANSACCIÓN | |
| campo de control | 20250811063133.0 |
| 007 - CAMPO FIJO DE DESCRIPCIÓN FÍSICA--INFORMACIÓN GENERAL | |
| campo de control de longitud fija | t| |
| 008 - DATOS DE LONGITUD FIJA--INFORMACIÓN GENERAL | |
| campo de control de longitud fija | 030212s1959 sp ||||1| spa d |
| 100 1# - ENTRADA PRINCIPAL--NOMBRE DE PERSONA | |
| Nombre de persona | Borbón y Austria-Este, Carlos de, |
| Títulos y otros términos asociados al nombre | Duque de Madrid, |
| Fechas asociadas al nombre | 1848-1909 |
| 9 (RLIN) | 153058 |
| 245 11 - MENCIÓN DEL TÍTULO | |
| Título | Cartas inéditas de Carlos VII / |
| Mención de responsabilidad, etc. | Carlos de Borbón y de Austria-Este ; prólogo, notas y apéndices de Jaime de Carlos Gómez-Rodulfo ; preámbulo de Luis Cortés Echanove. |
| 260 ## - PUBLICACIÓN, DISTRIBUCIÓN, ETC. | |
| Lugar de publicación, distribución, etc. | Madrid : |
| Nombre del editor, distribuidor, etc. | Montejurra, |
| Fecha de publicación, distribución, etc. | 1959 ( |
| Lugar de fabricación/manufactura | Palencia : |
| Fabricante | Mazo) |
| 300 ## - DESCRIPCIÓN FÍSICA | |
| Extensión | 258 p. ; |
| Dimensiones | 19 cm. |
| 490 1# - MENCIÓN DE SERIE | |
| Mención de serie | Ediciones Montejurra ; |
| Designación de volumen o secuencia | 7 |
| 700 1# - ENTRADA AGREGADA--NOMBRE PERSONAL | |
| Nombre de persona | Carlos Gómez-Rodulfo, Jaime de |
| 9 (RLIN) | 35295 |
| 700 1# - ENTRADA AGREGADA--NOMBRE PERSONAL | |
| Nombre de persona | Cortés Echanove, Luis. |
| 9 (RLIN) | 40885 |
| 830 0# - PUNTO DE ACCESO ADICIONAL DE SERIE-TÍTULO UNIFORME | |
| Título uniforme | Ediciones Montejurra ; |
| Designación de volumen o secuencia | 7 |
| 9 (RLIN) | 229525 |
| 852 ## - LOCALIZACIÓN | |
| Ubicación | ES-MaACL |
| Número de control de estantería | C-19551 |
| Sublocalización o colección | R.46896 |
| Estatus retirado | Estado de pérdida | Estado de daño | No para préstamo | Biblioteca de origen | Biblioteca actual | Ubicación en estantería | Fecha de adquisición | Fuente de adquisición | Total de préstamos | Signatura topográfica completa | Código de barras | Visto por última vez | Precio de reemplazo | Tipo de ítem Koha |
|---|---|---|---|---|---|---|---|---|---|---|---|---|---|---|
| Biblioteca del Ateneo de Madrid | Biblioteca del Ateneo de Madrid | Galería | 17/01/2008 | C-19551 | 1036670 | 23/02/2023 | 23/02/2023 | Libro impreso |
